Wonka Kids Quiz Stats

 Plays Quiz Updated Jul 4, 2013

     
Support Sporcle.
Go Orange.
Score 0/5 Timer 01:00
7 Plays Today
% Correct
Charlie Bucket
98.2%
Violet Beauregarde
78.1%
Augustus Gloop
78.1%
Mike Teavee
75.7%
Veruca Salt
73.6%

From the Vault

MLB American League MVPs (2000s)

by Propellerhead

Sports 4m
Just hit the ball with the stick really hard, how difficult could it be?
Remove Ads.
Support Sporcle.
Get the best of Sporcle when you Go Orange. This ad-free experience offers more features, more stats, and more fun while also helping to support Sporcle. Thank you for becoming a member.

Show Comments

Extras

Top Quizzes Today


Score Distribution

Your Account Isn't Verified!

In order to create a playlist on Sporcle, you need to verify the email address you used during registration. Go to your Sporcle Settings to finish the process.

Report this User

Report this user for behavior that violates our Community Guidelines.

Details: